[Event "Turkey IS Bank Super League 2017"]
[Site "Darica-Kocaeli"]
[Date "2017.07.28"]
[Round "3"]
[White "Can, Emre"]
[Black "Erdogdu, Mert"]
[Result "1-0"]
[WhiteElo "2586"]
[BlackElo "2445"]
[Annotator "TA"]
[PlyCount "79"]
[EventType "team-tourn"]
[EventCountry "TUR"]
[SourceTitle "playchess.com"]
[Source "ChessBase"]
[SourceQuality "1"]

{[%evp 22,79,30,39,75,36,53,53,50,45,54,36,91,99,104,101,104,60,137,135,132,74,96,80,80,71,70,64,71,39,109,108,115,134,133,62,66,18,18,30,36,25,31,24,82,95,539,539,829,821,995,990,916,964,1293,1231,1174,1105,1552,1552]} 1. d4 Nf6 2. c4 g6 3. Nc3 d5 4. Nf3 Bg7 5. Qb3 dxc4 6. Qxc4 O-O 7. e4 Nc6 8. Be2 Bg4 9. d5 Na5 10. Qb4 Bxf3 11. Bxf3 c6 12. O-O {LiveBook: 73 Games. D98: Grünfeld: Russian System: 7 e4 Bg4} Nd7 $146 ({Predecessor:} 12... Qb6 13. Qa4 Nd7 14. Rd1 Rfd8 15. Qc2 Rac8 16. Bg5 cxd5 17. Nxd5 Rxc2 18. Nxb6 axb6 19. Bxe7 Rdc8 20. Rxd7 {1-0 (41) Wojtaszek,R (2705)-Nyback,T (2631) Porto Carras 2011}) 13. Rd1 c5 14. Qa4 {White is slightly better.} a6 $1 15. Qc2 b5 16. Be2 b4 (16... Nb7 $14) 17. Na4 $16 Bd4 18. Bg5 Nb7 19. a3 b3 ({Better is} 19... bxa3 $14 20. Rxa3 Nd6) 20. Qxb3 Nd6 21. Bh6 (21. Qc2 $142) 21... Nxe4 22. Rxd4 cxd4 23. Qd3 Ndf6 24. Bxf8 ({Much worse is} 24. Qxd4 Re8 $15) 24... Kxf8 25. Rd1 Qa5 (25... Qc7 $14) 26. Qxd4 Rd8 {[%cal Rd8d5]} 27. Nb6 Nd6 {[%cal Be4d6,Bd6f5,Bf5d4][%mdl 32]} 28. Rc1 (28. g4 $16) 28... Nf5 $14 29. Qb4 Qxb4 30. axb4 Rb8 31. Rc6 Nd4 32. Bxa6 {Rxf6! is the strong threat.} Kg7 {[#]} (32... Ke8 $11 {remains equal.}) 33. b5 $1 $16 {[%cal Bb4b5,Bb5b6,Bb6b7][%mdl 32]} Nxc6 $4 {[%mdl 8192]} (33... Ne8 $16 {is tougher.}) 34. dxc6 {[%mdl 4096] Endgame KRN-KBN. White is clearly winning.} Rd8 {[%cal Rd8d1]} 35. Kf1 Ne8 36. Nd7 Nc7 37. b4 Ra8 38. b6 Rxa6 39. b7 Ra1+ 40. Ke2 {Precision: White = 70%, Black = 32%.} 1-0

[Event "Turkey IS Bank Super League 2017"]
[Site "Darica-Kocaeli"]
[Date "2017.07.28"]
[Round "3"]
[White "Pantsulaia, Levan"]
[Black "Vorontsov, Pavlo"]
[Result "1/2-1/2"]
[WhiteElo "2585"]
[BlackElo "2510"]
[Annotator "TA"]
[PlyCount "211"]
[EventType "team-tourn"]
[EventCountry "TUR"]
[SourceTitle "playchess.com"]
[Source "ChessBase"]
[SourceQuality "1"]

{[%evp 15,211,12,22,12,8,12,5,-1,2,4,65,56,65,56,61,53,48,54,39,32,51,40,26,9,14,0,13,0,25,0,0,0,18,0,0,0,31,31,43,53,37,35,30,64,51,50,49,-41,-44,-43,-30,-44,-48,-114,-115,-163,-93,-108,-125,-210,-222,-210,-151,-158,-159,-195,-187,-327,-318,-500,-498,-775,-839,-829,-792,-807,-777,-729,-679,-1234,-1115,-1172,-1116,-12825,-12829,-12828,-10345,-12825,-11259,-12836,-12836,-12839,-12837,-12842,-12841,-12841,-12842,-12844,-12844,-12845,-12843,-12843,-12840,-12845,-12842,-12842,-12843,-12845,0,-12841,0,-12845,0,-12841,-12839,-12841,-12842,-12844,-12840,-12842,-12839,-12841,-12840,-12841,-12840,-12841,-12836,-12837,0,-24,0,0,0,-12851,-12851,-12851,-12851,-12851,-12851,-12851,-12851,-12851,-12851,-12851,-12851,-12851,-12851,-12851,-12851,-12851,-12851,-12851,0,-12851,0,0,0,0,0,-12851,-12851,-12851,-12851,-12851,0,0,0,0,0,0,0,0,0,0,0,0,0,0,0,0,0,0,0,0,0,0,0,0,0,0,0,0,0,0,0,0,0,0]} 1. Nf3 Nf6 2. g3 b6 3. Bg2 Bb7 4. O-O g6 5. c4 Bg7 6. d4 O-O 7. d5 Ne4 {A50: Queen's Fianchetto Defence (1 d4 Nf6 2 c4 b6)} 8. Qc2 f5 {LiveBook: 32 Games} 9. Bf4 (9. Nfd2 Nd6 10. Nc3 Na6 11. e4 e6 12. exf5 gxf5 13. Rb1 Nb4 14. Qd1 Nd3 15. Nb3 Nxc1 16. Rxc1 {1-0 (56) Khismatullin,D (2651)-Chigaev,M (2559) Minsk 2017}) 9... c6 10. Nfd2 cxd5 11. cxd5 Qc8 $146 ({Predecessor:} 11... Bxd5 12. Nxe4 Bxe4 13. Bxe4 fxe4 14. Qxe4 d5 15. Qe6+ {0-1 (107) Konopka,M (2453)-Bratanov,Z (2444) Germany 2013}) 12. Qb3 Na6 (12... Nc5 $11 13. Qa3 d6) 13. Nxe4 $14 fxe4 14. Nc3 Nc5 15. Qc2 Bxc3 16. Qxc3 Bxd5 17. Rfd1 Qb7 18. Bh6 {[%csl Gh6][%cal Rc3g7][%mdl 1024] White has compensation.} Rf7 $1 19. Rac1 {[%cal Ba1c1,Bc1c2,Bc2d2][%mdl 32]} a5 20. b3 e6 21. Rc2 Re8 (21... Nd3 $5) 22. Rcd2 d6 ({Don't blunder} 22... e3 $2 23. Rxd5 exf2+ 24. Kf1 $18) 23. h4 Qe7 24. Be3 Qb7 25. Bh3 Nd7 {[%cal Bc5d7,Bd7f6,Bf6e4][%mdl 32]} 26. Bf4 Nf6 27. Bxd6 e3 $1 {[%cal Re3f2]} 28. Qxe3 Ne4 29. Bf4 Nxd2 30. Rxd2 Qc6 31. f3 {[#]} (31. Rd4 $14) 31... e5 $1 $15 {[%cal Re5f4][%mdl 512]} 32. Bh6 (32. Bxe5 Qc1+) 32... e4 $36 {[%mdl 2048] Black has the initiative.} 33. f4 Be6 34. Bg2 (34. Bxe6 $15 Qxe6 35. Kg2) 34... Bf5 $17 35. Kf2 Qc5 (35... Rc7 $1 $19 36. Bg5 Rcc8) 36. Qxc5 bxc5 37. Rd6 {[#]} (37. Rd5 $17) 37... Rd7 $1 $19 {[%cal Rd7d6]} 38. Rxd7 e3+ 39. Ke1 Bxd7 $17 {[%mdl 4096] Endgame KRB-KB} 40. Bf3 Bf5 41. Bd5+ (41. Bc6 $142 Rd8 42. g4 Bxg4 43. f5) 41... Be6 $19 42. Bxe6+ (42. Bf3 {is a better defense.}) 42... Rxe6 {KR-KB} 43. f5 (43. Bg5 $142 a4 44. Kf1) 43... gxf5 44. Bf4 Kf7 45. Kd1 Re4 46. Kc2 Ke6 47. Kd3 Rd4+ 48. Kxe3 a4 49. Bc7 axb3 50. axb3 Rb4 51. Kd3 Rxb3+ 52. Kc4 Re3 53. Bf4 Rxe2 54. Kxc5 Re1 55. Kd4 Kf6 56. Bg5+ Kg6 57. Kd5 Re8 58. Bf4 Kh5 59. Bc7 Kg4 60. Be5 Kf3 61. Bf4 Kg4 62. Be5 Kh5 63. Bc7 $1 Kg6 $2 ({Better is} 63... Re2 $19 64. Be5 Re3) 64. Be5 $2 {[%mdl 8192]} (64. Bf4 $11 Kh5 65. Bd6) 64... Kf7 65. Bf4 Re1 66. Bg5 Ra1 67. Bf4 Ra5+ 68. Kd6 Rb5 69. Kc6 Rb3 70. Kd5 Ke7 71. Bg5+ {[#]} Kd7 $2 (71... Kf8 $1 $19 72. Bf4 Kf7) 72. Ke5 $1 $11 Rxg3 73. Kxf5 Ke8 74. Kf6 $2 {[%mdl 8192]} (74. Bf4 $11 Rg8 75. h5) 74... Kf8 $19 75. h5 Rf3+ 76. Ke6 Rb3 77. Kf5 Kf7 78. Bd2 Rb5+ 79. Kg4 Rc5 80. Be3 Rd5 81. Bg5 Ke6 82. Bc1 Kd6 83. Bb2 Kc5 $2 (83... Ke7 $19 84. Bc1 Rb5) 84. h6 Kd6 $2 (84... Rd2 $19 85. Bc1 Rd1) 85. Bg7 Ke6 {...Rd1 is the strong threat.} 86. Kf4 Rh5 87. Kg4 $2 {[%mdl 8192]} (87. Kf3 $11 Rh3+ 88. Kg4) 87... Rf5 88. Bh8 Rf1 89. Bg7 Rg1+ $2 ({Black should play} 89... Kd5 $19 90. Kh5 Ke4) 90. Kf4 {The position is equal.} Rg6 91. Kf3 Kf5 {Hoping for ...Re6.} 92. Ke3 Rd6 93. Bf8 Rd8 (93... Rd1 {is more complex.} 94. Bg7 Rf1 95. Kd3 Rf3+ 96. Kd4 Kg5) 94. Bg7 Re8+ 95. Kd4 Rc8 {aiming for ...Rc2.} 96. Kd3 Kf4 {Strongly threatening ...Rd8+.} 97. Bf6 Rc6 98. Bg7 Rd6+ 99. Kc4 Ke4 100. Kc5 Rg6 {Threatens to win with ...Re6.} 101. Bf8 Rg8 102. Bg7 Rc8+ 103. Kd6 Ra8 {And now ...Ra6+ would win.} 104. Kc5 Ra6 {White must now prevent ...Rg6.} 105. Kb5 Rxh6 106. Bxh6 {Precision: White = 35%, Black = 61%.} 1/2-1/2

[Event "Turkey IS Bank Super League 2017"]
[Site "Darica-Kocaeli"]
[Date "2017.07.28"]
[Round "3"]
[White "Paichadze, Luka"]
[Black "Yilmaz, Goktan"]
[Result "1-0"]
[WhiteElo "2581"]
[BlackElo "2202"]
[Annotator "TA"]
[PlyCount "78"]
[EventType "team-tourn"]
[EventCountry "TUR"]
[SourceTitle "playchess.com"]
[Source "ChessBase"]
[SourceQuality "1"]

{[%evp 17,78,0,0,-13,-6,-39,-19,-27,-26,-75,-69,-70,-74,-71,-58,-69,-66,-63,268,260,259,244,229,201,194,189,184,190,192,166,164,182,180,160,279,237,239,240,200,214,237,236,222,229,221,215,894,890,880,825,992,971,965,957,1669,737,1576,1473,12834,12828,29984,29985,29993]} 1. e4 c5 2. Nf3 d6 3. d4 cxd4 4. Qxd4 Nc6 5. Bb5 Bd7 6. Bxc6 Bxc6 7. Nc3 Nf6 {[%cal Bg8f6,Bf6g4,Bg4e3][%mdl 32]} 8. Bg5 e6 9. O-O-O Be7 $1 10. h4 {B53: Sicilian: 2...d6: Lines with Qxd4} (10. Bxf6 Bxf6 11. Qxd6 Qxd6 12. Rxd6 Bxc3 13. bxc3 Bxe4 14. Ne5 Rc8 15. c4 Bxg2 16. Rg1 Bc6 17. Rxg7 Ke7 {½-½ (32) Paichadze,L (2568)-Navara,D (2739) Minsk 2017}) 10... h6 11. Be3 (11. Bxf6 $5 Bxf6 12. Qb4 $11) 11... O-O 12. Qd3 $146 {The position is equal.} ({Predecessor:} 12. Kb1 Ng4 13. Qd3 Qc7 14. Nd4 Rfd8 15. f3 Ne5 16. Qe2 b5 17. Ncxb5 Bxb5 18. Nxb5 {1-0 (35) Dgebuadze,A (2528)-Schut,L (2065) Maastricht 2008}) 12... Ng4 13. Nd4 Bxh4 14. Qe2 Nxe3 15. Qxe3 Bf6 16. Qg3 Qa5 17. f4 {aiming for Rxh6.} Qb4 $2 {[%mdl 8192]} (17... Kh7 $15 {stays ahead.}) 18. Rxh6 $18 Qxd4 ({Inferior is} 18... Bxd4 19. Rdh1 g6 20. e5 Be3+ 21. Kb1 Qxb2+ 22. Kxb2 Bc1+ 23. Kxc1 Kg7 24. Rh7+ Kg8 25. Rh8+ Kg7 26. R1h7#) 19. Rxd4 Bxd4 20. Ne2 Bf2 21. Qxf2 gxh6 22. Ng3 f6 23. Qd2 Rad8 24. f5 $1 e5 25. Qxh6 Kf7 (25... Be8 $16 26. Qe3 Rd7) 26. Nh5 Ke7 27. g4 $1 {[%cal Bg2g4,Bg4g5,Bg5g6][%mdl 32]} Bxe4 {[#]} 28. g5 $1 Bxf5 29. g6 Bg4 30. Qh7+ {[%mdl 1024] White has strong compensation.} Ke6 {[#] next ...Bxh5 is good for Black.} 31. Ng7+ $1 Kd5 $2 (31... Kd7 32. Nf5+ Ke6) 32. Qh1+ e4 {[#]} 33. c4+ $1 {[%mdl 512]} Ke5 (33... Kxc4 34. Qxe4+) 34. Qh2+ Kd4 35. Qg1+ Ke5 36. Qg3+ Kd4 37. Qxg4 Rc8 38. Ne6+ Kxc4 39. Nxf8 Kd3+ {Precision: White = 70%, Black = 50%.} 1-0

[Event "Turkey IS Bank Super League 2017"]
[Site "Darica-Kocaeli"]
[Date "2017.07.28"]
[Round "3"]
[White "Muzychuk, Anna"]
[Black "Osmak, Iulija"]
[Result "1-0"]
[WhiteElo "2572"]
[BlackElo "2353"]
[Annotator "TA"]
[PlyCount "87"]
[EventType "team-tourn"]
[EventCountry "TUR"]
[SourceTitle "playchess.com"]
[Source "ChessBase"]
[SourceQuality "1"]

{[%evp 21,87,13,28,0,0,-15,0,0,0,0,0,0,0,0,0,0,0,0,0,-670,0,0,0,0,8,6,20,20,29,28,29,24,35,35,62,45,37,37,136,133,126,115,159,159,159,163,155,154,202,156,258,253,286,220,273,280,272,249,275,272,662,653,801,755,29997,29998,29998,29999]} 1. e4 d6 2. d4 Nf6 3. Nc3 e5 4. Nf3 Nbd7 5. Bc4 Be7 6. a4 a5 7. O-O O-O 8. Re1 c6 9. Ba2 exd4 10. Nxd4 Nc5 11. Bf4 {C41: Philidor Defence} (11. Qe2 Qb6 12. Rd1 Be6 13. Nxe6 fxe6 14. Be3 d5 15. f4 Qa6 16. e5 Qxe2 17. Nxe2 Ng4 18. Bd4 h5 {½-½ (51) Savchenko,B (2633)-Can,E (2571) Izmir 2016}) 11... Be6 {LiveBook: 12 Games} 12. Qd2 Bxa2 $146 ({Predecessor:} 12... Qd7 13. f3 Rfe8 14. g4 Bxa2 15. Rxa2 Ne6 16. Nf5 Nxf4 17. Qxf4 Qe6 18. Raa1 Bf8 {½-½ (36) Gaponenko,I (2448)-Duppel,T (2242) Germany 2005}) 13. Rxa2 {The position is equal.} Re8 14. Nf5 {[%cal Rf4d6]} Bf8 {[%cal Rc5e4]} 15. Nxd6 Bxd6 16. Qxd6 Qxd6 17. Bxd6 Ncxe4 18. Nxe4 Nxe4 19. Bc7 Nc3 {[%cal Re8e1] [#]} 20. Rxe8+ Rxe8 $11 {[%cal Re8e1][%mdl 4096] Endgame KRB-KRN} 21. Ra1 Nxa4 $1 22. b3 Nc3 23. Bxa5 Ne2+ 24. Kf1 {aiming for Re1.} Nd4 25. Bc3 Nb5 26. Bb2 f6 27. Rd1 Re6 28. Rd8+ Kf7 29. c4 Nd6 (29... Rd6 $1 $14 30. Rb8 Rd1+ 31. Ke2 Rb1 32. Rxb7+ Ke6) 30. Rd7+ Kg6 31. Ba3 Nf5 32. Rxb7 h5 33. Bc5 Re5 34. Bb6 Nd6 35. Rd7 Nf5 (35... Re6 $16 36. Rc7 Nf7) 36. Rc7 $18 Re6 37. Bc5 h4 38. g4 hxg3 39. hxg3 ({Weaker is} 39. fxg3 Ne3+ 40. Kf2 Ng4+ 41. Kg2 Ne3+ 42. Kg1 Ng4 $16) 39... Kg5 40. Kg2 g6 $2 (40... Kg6 41. Kh3 Nh6) 41. Kh3 {f4+ is the strong threat.} Nh6 42. Be3+ Kh5 {[#]} 43. g4+ $1 {[%mdl 512]} Nxg4 44. Rh7+ {Precision: White = 89%, Black = 24%.} 1-0

[Event "Turkey IS Bank Super League 2017"]
[Site "Darica-Kocaeli"]
[Date "2017.07.28"]
[Round "3"]
[White "Tukhaev, Adam"]
[Black "Mchedlishvili, Mikheil"]
[Result "0-1"]
[WhiteElo "2558"]
[BlackElo "2602"]
[Annotator "TA"]
[PlyCount "116"]
[EventType "team-tourn"]
[EventCountry "TUR"]
[SourceTitle "playchess.com"]
[Source "ChessBase"]
[SourceQuality "1"]

{[%evp 10,115,38,37,29,25,31,24,36,48,41,27,63,57,66,42,65,35,35,35,40,43,31,0,0,0,45,0,0,0,0,-312,-315,-310,-321,-324,-327,-327,-332,-310,-327,-379,-289,-303,-255,-304,-268,-272,-268,-272,-272,-303,-271,-324,-269,-311,-319,-330,-331,-455,-408,-395,-361,-299,-299,-350,-324,-352,-326,-341,-283,-318,-276,-276,-276,-290,-228,-248,-211,-242,-225,-291,-211,-581,-571,-567,-566,-531,-539,-921,-914,-897,-897,-864,-877,-847,-843,-819,-812,-810,-805,-959,-945,-1577,-1809,-1589,-1588,-29999]} 1. e4 d6 2. d4 g6 3. Nc3 Bg7 4. Be3 a6 5. h4 Nf6 6. f3 b5 {B07: Pirc Defence: Miscellaneous Systems} 7. Qd2 h5 8. O-O-O c6 {White has an edge.} 9. Kb1 Qc7 10. e5 (10. Bf4 b4 11. Na4 a5 12. Bc4 Ba6 13. Bb3 Nbd7 14. Nh3 {1-0 (38) Leko,P (2693)-Saric,I (2652) Tallinn 2016}) 10... dxe5 11. dxe5 Nd5 $1 12. f4 $146 ({Predecessor:} 12. Nxd5 cxd5 13. f4 {0-1 (29) Bellahcene,B (2452)-Shoker,S (2498) Chartres 2017}) 12... O-O 13. Nxd5 cxd5 14. Qxd5 Nc6 {[#] Hoping for ...Rd8.} 15. Qc5 Be6 16. Nf3 Qa5 {aiming for ...Rad8.} 17. Qxc6 Qxa2+ 18. Kc1 Rfc8 19. Qb6 {Threatens to win with Bd3.} Bf5 $40 {[%csl Gf5][%cal Rc8c2][%mdl 128] Black attacks.} ({Don't blunder} 19... Qa1+ $2 20. Kd2 $18) 20. Nd4 $2 {[%mdl 8192] [#]} (20. Kd2 $11 {and White stays safe.}) 20... Be4 $1 $19 21. Bd3 Bxd3 22. Rxd3 {Ra3 is the strong threat.} Qa1+ 23. Kd2 Qxh1 24. Qb7 e6 25. Bf2 Rab8 26. Qf3 Qf1 27. Be3 Qxf3 28. Nxf3 Bf8 29. Ng5 Be7 30. Ne4 a5 {[%cal Ba6a5,Ba5a4][%mdl 32]} 31. Ba7 Rb7 ({Less strong is} 31... Bxh4 32. Bxb8 Rxb8 33. Ke2 $15) 32. Bf2 Rc6 33. g3 a4 34. Nd6 Bxd6 35. Rxd6 {[%mdl 4096] Endgame KRR-KRB} Rc8 36. Bd4 Ra8 37. Bc5 b4 38. Rd3 Kg7 39. Bd6 Ra5 40. Kc1 Ra6 41. Kb1 f6 42. Rd4 Rab6 43. Rc4 fxe5 44. Bxe5+ Kf7 45. Rc8 b3 46. c4 $2 (46. Rh8 {is more resistant.}) 46... Rd7 {[%cal Rd7d1]} 47. Kc1 Rd3 48. Rc7+ Ke8 49. Rc8+ Kd7 50. Rc7+ Kd8 51. Ra7 Rb4 52. Ra8+ Kd7 53. Ra7+ Ke8 54. Rc7 Rb8 {( -> ...Rbd8)} 55. Bf6 Rd7 56. Rc6 Kf7 57. Be5 Rbd8 {[%csl Gd8][%cal Rd7d1]} 58. c5 Rd1# {Precision: White = 53%, Black = 88%.} 0-1

[Event "Turkey IS Bank Super League 2017"]
[Site "Darica-Kocaeli"]
[Date "2017.07.28"]
[Round "3"]
[White "Sadikhov, Ulvi"]
[Black "Yilmaz, Mustafa"]
[Result "0-1"]
[WhiteElo "2494"]
[BlackElo "2640"]
[Annotator "TA"]
[PlyCount "95"]
[EventType "team-tourn"]
[EventCountry "TUR"]
[SourceTitle "playchess.com"]
[Source "ChessBase"]
[SourceQuality "1"]

{[%evp 20,95,0,0,0,-14,-14,-14,-14,-12,-10,-6,-11,-12,-10,-13,11,-8,-4,0,0,-8,-9,-16,0,0,0,0,0,0,10,0,0,0,0,-18,-20,-30,-17,-27,-14,-60,-53,-63,-64,-63,-79,-197,-212,-269,-280,-248,-232,-214,-214,-433,-433,-655,-623,-578,-510,-915,-899,-29966,-29964,-6195,-6103,-29972,-29975,-29975,-29976,-29974,-29976,-29977,-29978,-29978,-29978,-29977]} 1. e4 c5 2. Nf3 e6 3. d4 cxd4 4. Nxd4 Nc6 5. Nc3 Qc7 6. g3 a6 7. Bg2 Nf6 8. O-O h5 {B47: Sicilian: Taimanov: 5 Nc3 Qc7 6 f4, 6 g3 and 6 Be2} (8... d6 9. Re1 Bd7 10. Nxc6 bxc6 11. e5 dxe5 12. Qe2 Bd6 13. b3 Nd5 14. Bb2 O-O 15. Na4 Rab8 16. c4 Nb6 17. c5 Nxa4 18. cxd6 Qb6 19. Bxe5 {½-½ (41) Safarli,E (2668)-Gelashvili,T (2563) Minsk 2017}) 9. Nxc6 dxc6 10. Qe2 e5 11. Bg5 {LiveBook: 5 Games} Bc5 12. Be3 $146 ({Predecessor:} 12. a4 a5 13. Nd1 Be6 14. Ne3 Ng4 15. Nf5 f6 16. Bd2 {1-0 (38) Zwirs,N (2255)-Okkes,M (2354) Netherlands 2013}) 12... Bg4 13. f3 Qb6 14. Bxc5 Qxc5+ 15. Qf2 Qxf2+ 16. Kxf2 Be6 17. h4 b5 18. Rfd1 Ke7 19. Bf1 Nd7 20. b3 a5 21. Rd2 Nb6 22. Nd1 a4 23. Rc1 Rhd8 24. Rxd8 Kxd8 25. Be2 g6 26. Ne3 Nd7 27. Ke1 Ke7 28. Bd3 Kd6 29. Rd1 Kc5 30. f4 Nf6 31. Kd2 axb3 32. axb3 Ra2 33. Rb1 (33. Ke1 $17 {keeps fighting.}) 33... Kd4 $19 34. f5 {[#]} gxf5 $1 35. exf5 {[#]} Bd5 $1 36. b4 Bc4 37. Bxc4 $2 (37. Ra1 Ne4+ 38. Bxe4 Rxa1 39. Bxc6) 37... bxc4 {[%mdl 4096] Endgame KRN-KRN} 38. Ke2 (38. Rc1 $142 Nd5 39. Nxd5 cxd5 40. b5) 38... Nd5 39. Rd1+ Ke4 40. Nxd5 (40. Nxc4 $142 Nc3+ 41. Ke1 Nxd1 42. Kxd1) 40... Rxc2+ 41. Rd2 Rxd2+ 42. Kxd2 Kxd5 {KP-KP} 43. g4 Ke4 {Black mates.} 44. gxh5 Kxf5 45. Kc3 Kf6 46. Kxc4 Kg7 47. Kc5 e4 48. Kd4 {Precision: White = 35%, Black = 84%.} 0-1

[Event "Turkey IS Bank Super League 2017"]
[Site "Darica-Kocaeli"]
[Date "2017.07.28"]
[Round "3"]
[White "Firat, Burak"]
[Black "Safarli, Eltaj"]
[Result "1/2-1/2"]
[WhiteElo "2480"]
[BlackElo "2641"]
[Annotator "TA"]
[PlyCount "72"]
[EventType "team-tourn"]
[EventCountry "TUR"]
[SourceTitle "playchess.com"]
[Source "ChessBase"]
[SourceQuality "1"]

{[%evp 9,72,14,17,-4,5,8,34,27,47,37,42,37,42,35,22,27,29,27,41,32,41,24,26,25,34,18,38,14,31,19,12,8,12,12,22,9,16,0,0,0,2,7,7,-4,-12,-10,0,-8,-6,-57,-57,-57,-21,-57,-9,-18,0,0,0,0,0,0,0,0,0]} 1. d4 Nf6 2. c4 e6 3. Nf3 Bb4+ 4. Bd2 a5 5. g3 d5 {LiveBook: 636 Games} 6. Qa4+ {E11: Bogo-Indian} (6. Qc2 O-O 7. Bg2 c5 8. cxd5 cxd4 9. Nxd4 Qb6 10. e3 Nxd5 11. O-O Bd7 12. Nc3 Nf6 13. a3 Be7 14. Qb3 Qxb3 15. Nxb3 {1-0 (51) Cori Tello,J (2618)-Bachmann,A (2653) Medellin 2017}) 6... Bd7 7. Qc2 Nc6 8. Bg2 {White is slightly better.} Ne4 9. O-O Nxd2 10. Nbxd2 a4 $146 ({Find the theoretical novelty and annotate with similar games:} 10... O-O 11. Rfd1 Be7 12. Rac1 Bf6 {½-½ (27) Djukic,S (2181)-Benderac,A (2229) Apatin 2014}) 11. e4 Bxd2 12. exd5 exd5 {[#] And now ...Ba5 would win.} 13. Qxd2 {Strongly threatening Rfe1+.} O-O 14. cxd5 Ne7 15. Ne5 Bc8 16. Nd3 Nxd5 17. Rfe1 c6 18. Rac1 Nc7 19. Nc5 Ne6 20. d5 Nxc5 21. Rxc5 Be6 22. Rd1 Qb6 23. Qc3 cxd5 24. Bxd5 Rac8 25. Rxc8 Rxc8 26. Qe3 (26. Qe5 {looks sharper.} Qa5 27. Kg2 Re8 28. Qh5 Qb5 29. b3) 26... Qxe3 27. fxe3 $11 {[%mdl 4096] Endgame KRB-KRB} b5 28. a3 (28. Bc6 $5) 28... h5 (28... Kf8 {feels hotter.} 29. Be4 Ke7 30. Kf2 g6 31. Rd4 Rc1) 29. Bxe6 ({White should try} 29. Kf1 $11) 29... fxe6 {KR-KR} 30. Rd2 $1 Kf7 31. Kf2 Kf6 32. h4 {The position is equal.} Ke5 33. Kf3 Rf8+ 34. Ke2 $1 Rc8 35. Kf3 Rf8+ 36. Ke2 $1 Rc8 {Precision: White = 59%, Black = 62%.} 1/2-1/2

[Event "Turkey IS Bank Super League 2017"]
[Site "Darica-Kocaeli"]
[Date "2017.07.28"]
[Round "3"]
[White "Yilmazyerli, Mert"]
[Black "Atakisi, Umut"]
[Result "1/2-1/2"]
[WhiteElo "2459"]
[BlackElo "2373"]
[Annotator "TA"]
[PlyCount "130"]
[EventType "team-tourn"]
[EventCountry "TUR"]
[SourceTitle "playchess.com"]
[Source "ChessBase"]
[SourceQuality "1"]

{[%evp 18,130,42,37,49,44,65,43,43,49,39,38,44,35,33,38,95,81,81,95,142,164,151,66,93,89,97,89,86,23,27,0,0,0,0,0,0,0,0,0,0,0,0,8,11,12,12,4,11,12,12,8,8,0,15,8,8,0,0,0,0,0,0,0,0,0,0,0,0,0,0,0,0,0,0,0,0,0,0,0,0,0,0,0,0,0,0,0,0,0,0,0,0,0,0,0,0,0,0,0,0,0,0,0,0,0,0,0,0,0,0,0,0,0,8]} 1. d4 d5 2. Nf3 Nf6 3. c4 c6 4. g3 g6 5. Qa4 dxc4 6. Qxc4 Be6 7. Qa4 Bg7 8. Bg2 O-O 9. O-O Qb6 10. Nc3 Bd5 {D78: Fianchetto Grünfeld: 6 0-0 c6} (10... Na6 11. Rd1 Rfd8 12. h3 c5 13. dxc5 Nxc5 14. Rxd8+ Rxd8 15. Qa3 Nfe4 16. Be3 Nxc3 17. bxc3 Rc8 18. Ng5 Qc7 19. Qxa7 {1-0 (27) Wojtaszek,R (2705)-Melkumyan,H (2615) Warsaw 2011}) 11. Re1 Ne4 $146 ({Find the theoretical novelty and annotate with similar games:} 11... Bxf3 12. Bxf3 Rd8 13. Rd1 Nbd7 14. Qc2 Rac8 15. e4 e5 16. Be3 Qa5 17. Qa4 Qxa4 18. Nxa4 {½-½ (74) Kashlinskaya,A (2385)-Foisor,C (2416) Rogaska Slatina 2011}) 12. Qc2 ({But not} 12. Nxd5 cxd5 13. Be3 Nc6 $11) 12... f5 {White is slightly better.} 13. Be3 Nxc3 14. bxc3 Nd7 15. c4 Be4 16. Qa4 h6 (16... a5 $14) 17. Ne5 $16 Nxe5 18. dxe5 c5 {[#]} 19. Bxe4 $1 fxe4 {[#]} 20. Qd7 (20. Rab1 $1 $16 {[%cal Rb1b6]} Qc6 21. Qxc6 bxc6 22. Rb7 (22. Bxc5 Bxe5 23. Bxe7 Rfb8 $16)) 20... Rad8 21. Qxe7 Rfe8 22. Qh4 g5 23. Qxe4 (23. Qh5 $16) 23... Rxe5 $11 24. Qc2 Rxe3 $1 {The position is equal.} 25. fxe3 Bxa1 26. Rxa1 {[%mdl 4096] Endgame KQR-KQR} Qe6 27. Qc3 Re8 28. Rd1 Qxe3+ 29. Qxe3 Rxe3 {KR-KR} 30. Kf2 Re7 31. Rd6 Kg7 32. Kf3 g4+ 33. Kxg4 Rxe2 34. h4 b6 35. a4 Re3 36. Rd7+ Kg6 37. Rd6+ Kg7 38. Rc6 Rc3 39. Kh5 Rxg3 40. Rc7+ Kf8 41. Rxa7 Rc3 42. Kxh6 Rxc4 43. h5 Rg4 44. Kh7 c4 45. Rc7 c3 46. Rxc3 Rxa4 47. Rc6 Rh4 48. Rf6+ Ke7 49. Rf5 Rg4 50. Rb5 Rh4 51. h6 {Threatens to win with Kg6.} Rg4 52. Rxb6 Kf7 53. Rb1 Rg2 54. Rb5 Rg1 55. Rb7+ Kf8 56. Rg7 Ra1 57. Rg8+ Kf7 58. Rg5 {And now Rf5+ would win.} Rf1 59. Rg2 {Black must now prevent Rg7+.} Rf3 60. Kh8 Rf1 61. Ra2 {Rg2 is the strong threat.} Rf6 {[%cal Rf6h6]} 62. Kh7 {Hoping for Ra7+.} Rf1 63. Ra8 {aiming for Ra7+.} Rf2 64. Ra1 {Strongly threatening Ra7+.} Rf3 65. Rg1 {Black should prevent Rg2.} Rf2 {Precision: White = 70%, Black = 80%.} 1/2-1/2